Vybrané problémy optimalizácie konštrukcií v numerických modeloch statiky a dynamiky

Saved in:
Bibliographic Details
Main Author: Roško, Peter (Author)
Format: Manuscript Book
Language:Slovak
Published: Bratislava : STU v Bratislave SvF, 1999
Tags: Add Tag
No Tags, Be the first to tag this record!

MARC

LEADER 00000ntm a22000003a 4500
001 stu55021
005 20220201110716.8
008 000918s1999----xo------------------slo-d
040 |a STU  |b slo 
041 0 |a slo 
044 |a xo 
080 |a 624.048(043.5) 
080 |a 539.3(043.5)  |7 stu_us_auth*stu9724 
080 |a 531.2(043.5) 
100 1 |a Roško, Peter  |4 aut  |X 38770  |7 A000038770 
245 1 |a Vybrané problémy optimalizácie konštrukcií v numerických modeloch statiky a dynamiky 
260 |a Bratislava :  |b STU v Bratislave SvF,  |c 1999 
300 |a 83 s.;schémy 
996 |b 284V037533  |c V*2120/HP-69  |l VVS  |s A  |a 24  |w stu55021_0001